[Event "AUTO-ELITE-957"]
[Site "http://www.queenalice.com/game.php?id=1048617"]
[Date "2012.4.13"]
[Round "1"]
[White "Kiwizany"]
[Black "Donidon"]
[Result "1-0"]
[WhiteElo "2407"]
[BlackElo "2262"]

1. e4 e6 2. d3 d5 3. Nf3 dxe4 4. dxe4 Qxd1+ 5. Kxd1 Nf6 6. Nc3 Bb4 7. Bd3 Bxc3
8. bxc3 O-O 9. Re1 Nc6 10. Bf4 Ng4 11. Bxc7 Nxf2+ 12. Kd2 Ng4 13. e5 Bd7 14.
Rab1 b6 15. h3 Nh6 16. g4 f6 17. exf6 Rxf6 18. Be4 Rc8 19. Bg3 Rf7 20. Ng5 Rff8
21. Bxh7+ Kh8 22. Bd3 Rce8 23. Rbd1 e5 24. Kc1 Rc8 25. Bb5 Be8 26. Ba6 Rb8 27.
Rxe5 Nxe5 28. Bxe5 Bg6 29. Rd7 Rg8 30. Rd6 Rbe8 31. Bd4 Re1+ 32. Kd2 1-0

[Event "AUTO-ELITE-957"]
[Site "http://www.queenalice.com/game.php?id=1048618"]
[Date "2012.4.13"]
[Round "1"]
[White "Donidon"]
[Black "Kiwizany"]
[Result "0-1"]
[WhiteElo "2244"]
[BlackElo "2413"]

1. e4 c6 2. d4 d5 3. Nc3 dxe4 4. Nxe4 Nd7 5. Nf3 Ngf6 6. Nxf6+ Nxf6 7. Bc4 Bf5
8. O-O e6 9. c3 Bd6 10. Qe2 O-O 11. Bg5 h6 12. Bxf6 Qxf6 13. h3 Rfd8 14. Ne5
Bxe5 15. dxe5 Qg5 16. f4 Qg6 17. Rf3 b5 18. Bb3 Be4 19. Rf2 Rab8 20. Re1 Bd5 21.
Bc2 Qg3 22. a4 a6 23. Rd1 c5 24. Rd3 Qh4 25. Qe3 Qe7 26. f5 exf5 27. Rxf5 bxa4
28. Rf2 Bb3 29. Bb1 Re8 30. Rfd2 a3 31. bxa3 Bc4 32. Rd1 Bxd3 33. Qxd3 Qxe5 34.
Qh7+ Kf8 35. Bf5 Rb2 36. Qh8+ Ke7 37. Qh7 Qe2 38. Rd7+ Kf6 39. Rxf7+ Kxf7 40.
Qg6+ Kf8 41. Qd6+ Kg8 42. Qd5+ Kh8 0-1

[Event "AUTO-ELITE-957"]
[Site "http://www.queenalice.com/game.php?id=1048619"]
[Date "2012.4.13"]
[Round "1"]
[White "Kiwizany"]
[Black "JimMorrisson"]
[Result "1-0"]
[WhiteElo "2367"]
[BlackElo "2209"]

1. e4 c5 2. Nf3 Nc6 3. d3 Nf6 4. Nbd2 e6 5. g3 d5 6. Bg2 Bd6 7. Qe2 Qc7 8. exd5
Nxd5 9. O-O O-O 10. c3 b6 11. Ne4 Ba6 12. c4 Nde7 13. Nxd6 Qxd6 14. Bf4 Qd7 15.
Ne5 Nxe5 16. Bxa8 Nxd3 17. Be4 Nxf4 18. gxf4 f5 19. Rfd1 Qe8 20. Bf3 Ng6 21. Qe3
Bxc4 22. b3 Ba6 23. Rd6 Bc8 24. Rad1 Qe7 25. Bh5 Nh8 26. Qg3 Nf7 27. Bxf7+ Kxf7
28. a3 Rg8 29. Qh3 Kg6 30. b4 c4 31. b5 h6 32. Qc3 Kh5 33. Qxc4 g5 34. Kf1 gxf4
35. Qxf4 Rg4 36. Qe3 Qb7 37. R1d5 Qg7 38. Rd4 Rg1+ 39. Ke2 Rg4 40. Qh3+ Kg5 41.
f4+ Kf6 42. Qc3 Rg2+ 43. Kd1 Qg4+ 44. Kc1 Rg1+ 45. Kc2 Kg6 46. Qxc8 Qe2+ 47. Rd2
Qe4+ 48. Kb3 Rb1+ 49. Ka2 Re1 50. R6d3 1-0

[Event "AUTO-ELITE-957"]
[Site "http://www.queenalice.com/game.php?id=1048620"]
[Date "2012.4.13"]
[Round "1"]
[White "JimMorrisson"]
[Black "Kiwizany"]
[Result "0-1"]
[WhiteElo "2217"]
[BlackElo "2359"]

1. e4 c6 2. d4 d5 3. Nc3 dxe4 4. Nxe4 Nd7 5. Nf3 Ngf6 6. Nxf6+ Nxf6 7. Bc4 e6 8.
O-O Bd6 9. Re1 O-O 10. Bg5 h6 11. Bh4 b5 12. Bd3 Bb7 13. Qe2 g5 14. Bg3 Bxg3 15.
hxg3 Qe7 16. Ne5 Rad8 17. c3 b4 18. f4 c5 19. fxg5 hxg5 20. Qd2 Nd5 21. Nf3 bxc3
22. bxc3 cxd4 23. cxd4 f6 24. Bf5 Nc7 25. Rac1 Bxf3 26. gxf3 Qd6 27. Bh7+ Kxh7
28. Qc2+ Kh8 29. Qxc7 Qxd4+ 30. Kg2 Qd2+ 31. Kh3 Rd7 32. Qc3 g4+ 33. Kxg4 Rg8+
34. Kh3 Rh7# 0-1

[Event "AUTO-ELITE-955"]
[Site "http://www.queenalice.com/game.php?id=1087407"]
[Date "2012.7.27"]
[Round "2"]
[White "Kiwizany"]
[Black "WakanTanka"]
[Result "1/2-1/2"]
[WhiteElo "2414"]
[BlackElo "2628"]

1. e4 c5 2. Nf3 Nc6 3. d3 e6 4. Nbd2 d5 5. c3 Be7 6. g3 Nf6 7. Qe2 O-O 8. Bg2 b6
9. O-O Qc7 10. Re1 Bb7 11. Nf1 d4 12. e5 Nd7 13. Bf4 Rab8 14. Rac1 dxc3 15. bxc3
Rfd8 16. h4 b5 17. d4 Nf8 18. N1d2 Na5 19. h5 h6 20. Ne4 Nc4 21. Nfd2 Nxd2 22.
Qxd2 Qb6 23. dxc5 Bxc5 24. Qe2 a6 25. Rb1 Bxe4 26. Bxe4 Qa5 27. Rec1 Nd7 28. c4
b4 29. Rd1 Nb6 30. Bc2 Kf8 31. Rxd8+ Rxd8 32. Rd1 Rxd1+ 33. Bxd1 Nd7 34. Qd2 Qc7
35. Ba4 Nb6 36. Bb3 a5 37. Qe2 Qc6 38. Kh2 Ke8 39. Bd2 Ke7 40. Be1 Nd7 41. f4 f6
42. exf6+ Nxf6 43. Bd1 Bb6 44. f5 Qe4 45. fxe6 Qd4 46. Kh3 Ne4 47. Qf1 Ng5+ 48.
Kg2 Bc5 49. Bf2 Qxf2+ 50. Qxf2 Bxf2 51. Kxf2 Ne4+ 52. Ke3 Nc3 53. Bb3 a4 54. Bc2
Kxe6 55. Kd4 Ne2+ 56. Kd3 Nxg3 57. Bd1 Kd6 58. Bxa4 Nxh5 59. Kd4 Nf6 60. c5+ Kc7
61. Ke5 h5 62. Kf4 h4 63. Bb5 Nd5+ 64. Kg4 Nc3 65. Bc4 g5 66. Bd3 Nxa2 67. Bf5
b3 68. Kxg5 b2 69. Kxh4 1/2-1/2

[Event "AUTO-ELITE-955"]
[Site "http://www.queenalice.com/game.php?id=1087408"]
[Date "2012.7.27"]
[Round "2"]
[White "WakanTanka"]
[Black "Kiwizany"]
[Result "1-0"]
[WhiteElo "2593"]
[BlackElo "2418"]

1. d4 Nf6 2. c4 e6 3. Nc3 Bb4 4. Qc2 O-O 5. a3 Bxc3+ 6. Qxc3 d5 7. Nf3 dxc4 8.
Qxc4 Bd7 9. Bg5 Bc6 10. e3 h6 11. Bh4 Bxf3 12. gxf3 Nbd7 13. O-O-O Rc8 14. Kb1
c5 15. Rg1 Qc7 16. Bd3 Qxh2 17. dxc5 Rfd8 18. b4 Ne5 19. Bxf6 Rxd3 20. Rxg7+ Kf8
21. Qxd3 Nxd3 22. Rh7 1-0

[Event "AUTO-ELITE-1034"]
[Site "http://www.queenalice.com/game.php?id=1093123"]
[Date "2012.8.14"]
[Round "1"]
[White "abreuchess"]
[Black "Kiwizany"]
[Result "0-1"]
[WhiteElo "2344"]
[BlackElo "2421"]

1. d4 c6 2. c4 d5 3. Nc3 Nf6 4. Nf3 g6 5. g3 Bg7 6. Bg2 O-O 7. O-O dxc4 8. Ne5
Be6 9. e4 Nbd7 10. f4 Qb6 11. f5 gxf5 12. exf5 Bd5 13. Nxd5 cxd5 14. Nxd7 Nxd7
15. Be3 e5 16. Bxd5 Rac8 17. Kh1 exd4 18. f6 Bxf6 19. Qg4+ Bg7 20. Bxf7+ Rxf7
21. Rxf7 Qc6+ 22. Qf3 Qxf3+ 23. Rxf3 dxe3 24. Rd1 Bxb2 25. Rxe3 Nb6 0-1

[Event "AUTO-ELITE-1034"]
[Site "http://www.queenalice.com/game.php?id=1093124"]
[Date "2012.8.14"]
[Round "1"]
[White "Kiwizany"]
[Black "abreuchess"]
[Result "1-0"]
[WhiteElo "2414"]
[BlackElo "2354"]

1. e4 c5 2. d3 Nc6 3. Nf3 Nf6 4. Nbd2 d5 5. g3 e5 6. Bg2 Be7 7. exd5 Nxd5 8. O-O
Be6 9. Re1 Qc7 10. Nb3 O-O 11. Ng5 Bxg5 12. Bxg5 f6 13. c4 Ndb4 14. Nxc5 Bf5 15.
Be3 Rad8 16. g4 Bxd3 17. Qb3 Bc2 18. Qc3 b6 19. Ne6 Qe7 20. Nxd8 Rxd8 21. c5 b5
22. Bxc6 Rd3 23. Qxb4 1-0

[Event "AUTO-ELITE-1034"]
[Site "http://www.queenalice.com/game.php?id=1093131"]
[Date "2012.8.14"]
[Round "1"]
[White "Kiwizany"]
[Black "sixk3b3g"]
[Result "1-0"]
[WhiteElo "2418"]
[BlackElo "2279"]

1. e4 e5 2. Nf3 Nf6 3. d3 Nc6 4. Nbd2 d5 5. c3 Rb8 6. g3 Be7 7. Bg2 O-O 8. O-O
dxe4 9. Nxe4 Nxe4 10. dxe4 Qxd1 11. Rxd1 Be6 12. Be3 Rbd8 13. b4 a6 14. a4 Bc4
15. Rxd8 Rxd8 16. Bf1 Bxf1 17. Kxf1 g6 18. b5 Na5 19. Nxe5 axb5 20. axb5 b6 21.
Ke2 f6 22. Nf3 Kf7 23. Ra4 Ke8 24. c4 Nb3 25. Ra7 Rd7 26. e5 f5 27. e6 Rd6 28.
Ra8+ Rd8 29. Rxd8+ Kxd8 30. Ne5 c5 31. Nc6+ Ke8 32. Bf4 Nd4+ 33. Nxd4 cxd4 34.
Kd3 Bb4 35. Kxd4 Bc5+ 36. Kd5 Bxf2 37. Bd6 g5 38. c5 1-0

[Event "AUTO-ELITE-1034"]
[Site "http://www.queenalice.com/game.php?id=1093132"]
[Date "2012.8.14"]
[Round "1"]
[White "sixk3b3g"]
[Black "Kiwizany"]
[Result "1-0"]
[WhiteElo "2256"]
[BlackElo "2418"]

1. d4 c6 2. g3 d5 3. Bg2 Nf6 4. Nf3 g6 5. O-O Bg7 6. Na3 O-O 7. c4 Bf5 8. Nh4
Be6 9. Nf3 Nbd7 10. cxd5 Bxd5 11. Nb1 Ne4 12. Nc3 Nxc3 13. bxc3 c5 14. Bf4 Rc8
15. Qd3 Nb6 16. Rfc1 Bc4 17. Qd2 Nd5 18. Ne5 Nxf4 19. Qxf4 Ba6 20. Qe3 Qd6 21.
Bf3 Rfd8 22. Qf4 f6 23. Nd3 e5 24. dxe5 fxe5 25. Qg4 Rc7 26. Be4 b6 27. Rd1 Qe7
28. Nb2 Rcd7 29. a4 Rd2 30. Rxd2 Rxd2 31. Nd3 Kh8 32. a5 b5 33. Qf3 b4 34. cxb4
cxb4 35. Rb1 Bxd3 36. Bxd3 e4 37. Bxe4 Rd8 38. a6 Bc3 39. Bc2 Rf8 40. Qd3 Qf6
41. Rf1 Rd8 42. Qc4 Qd4 43. Qf7 Qd2 44. Rd1 Qg5 45. Rd7 1-0

[Event "AUTO-OPEN-2765"]
[Site "http://www.queenalice.com/game.php?id=1093243"]
[Date "2012.8.15"]
[Round "1"]
[White "Kiwizany"]
[Black "Matrick"]
[Result "1-0"]
[WhiteElo "2407"]
[BlackElo "2354"]

1. e4 c5 2. Nf3 d6 3. d3 Nc6 4. Nbd2 Nf6 5. g3 e6 6. Bg2 Be7 7. O-O O-O 8. Re1
Qc7 9. Nf1 b5 10. a4 b4 11. e5 Nd5 12. exd6 Bxd6 13. N1d2 Ba6 14. Nc4 Be7 15.
Nfe5 Nd4 16. Bd2 Rab8 17. Nf3 Rbd8 18. Rb1 Rfe8 19. a5 Bxc4 20. dxc4 Nf6 21.
Nxd4 Rxd4 22. Qe2 Qxa5 23. c3 Rdd8 24. Bc6 Rf8 25. Bg2 b3 26. Ra1 Qb6 27. Ra4
Rd7 28. Rea1 Rfd8 29. Bg5 h6 30. Be3 Qd6 31. Rxa7 Rxa7 32. Rxa7 Qd1+ 33. Bf1 Bf8
34. Qxd1 Rxd1 35. Ra8 Nd7 36. Kg2 g5 37. h3 f5 38. Rd8 Kf7 39. Be2 Rd6 40. Bh5+
Kf6 41. Ra8 Be7 42. Ra7 e5 43. Ra3 f4 44. Bc1 fxg3 45. fxg3 e4 46. Rxb3 Ra6 47.
Rb5 Bd6 48. Be2 Ke5 49. Bg4 Nb6 50. Be3 Nxc4 51. Bxc5 Kf6 52. Bd4+ Kf7 53. Rb7+
Be7 54. Bh5+ Ke6 55. Be2 Rc6 56. b4 Nd6 57. b5 Nxb7 58. bxc6 Nd6 59. Bg4+ Kd5
60. c7 Kc6 61. c8=R+ 1-0

[Event "AUTO-OPEN-2765"]
[Site "http://www.queenalice.com/game.php?id=1093244"]
[Date "2012.8.15"]
[Round "1"]
[White "Matrick"]
[Black "Kiwizany"]
[Result "1/2-1/2"]
[WhiteElo "2345"]
[BlackElo "2428"]

1. e4 c6 2. d4 d5 3. Nc3 dxe4 4. Nxe4 Nd7 5. Bc4 Ngf6 6. Nxf6+ Nxf6 7. Nf3 g6 8.
Ne5 e6 9. O-O Bg7 10. c3 O-O 11. Re1 Nd5 12. Qf3 f6 13. Ng4 e5 14. Nh6+ Kh8 15.
dxe5 Qe7 16. Bxd5 cxd5 17. Qxd5 g5 18. Be3 Qe6 19. c4 Bxh6 20. exf6 Qxd5 21.
cxd5 Rd8 22. Rad1 Kg8 23. h4 Bf8 24. hxg5 Kf7 25. Bf4 Bd7 26. a3 Rac8 27. Rd2
Rc4 28. g3 Rdc8 29. Kg2 Rc2 30. Ree2 R2c4 31. f3 Bb5 32. d6 a6 33. Kf2 b6 34.
Re4 Rc2 35. Rd4 Bd7 36. g4 a5 37. Kg3 R8c5 38. Kh4 a4 39. Kg3 1/2-1/2

[Event "AUTO-OPEN-2765"]
[Site "http://www.queenalice.com/game.php?id=1093245"]
[Date "2012.8.15"]
[Round "1"]
[White "Kiwizany"]
[Black "denisan"]
[Result "0-1"]
[WhiteElo "2423"]
[BlackElo "2360"]

1. e4 c5 2. Nf3 d6 3. d3 Nc6 4. Nbd2 g6 5. g3 Bg7 6. Bg2 Nf6 7. O-O O-O 8. Re1
Rb8 9. a4 h6 10. Nc4 Be6 11. c3 Qd7 12. a5 b5 13. axb6 axb6 14. Bd2 b5 15. Na5
Nxa5 16. Rxa5 Ra8 17. Qa1 Rxa5 18. Qxa5 Qb7 19. Ra1 Nd7 20. Qa7 Rb8 21. Qxb7
Rxb7 22. Ra8+ Kh7 23. h3 b4 24. d4 Nb6 25. Re8 Nc4 26. e5 Ra7 27. dxc5 Ra1+ 28.
Kh2 dxc5 29. cxb4 Nxd2 30. Nxd2 cxb4 31. Nf3 Rb1 32. b3 Bxb3 33. Nd2 Ba4 34.
Rxe7 Rb2 35. Ne4 Bb3 36. Kg1 Be6 37. Nd6 Bf8 38. Rb7 Kg8 39. Ne4 Kg7 40. Nf6 Re2
41. f4 b3 42. Ne8+ Kh8 43. Nf6 h5 44. Kf1 Ra2 45. Bd5 Bxd5 46. Nxd5 b2 47. Nc3
Ra3 48. Nb1 Rxg3 49. Rxb2 Bh6 50. Rf2 Rxh3 51. Ke2 h4 52. Nd2 Kg7 53. Rf3 Rh2+
54. Kd3 h3 55. Nc4 Rh1 56. Ne3 Ra1 57. Ng4 Ra2 58. Nxh6 h2 59. Nf5+ gxf5 60. Rf1
Kg6 61. Ke3 Kh5 62. Kf3 Kh4 0-1

[Event "AUTO-OPEN-2765"]
[Site "http://www.queenalice.com/game.php?id=1093246"]
[Date "2012.8.15"]
[Round "1"]
[White "denisan"]
[Black "Kiwizany"]
[Result "1-0"]
[WhiteElo "2368"]
[BlackElo "2426"]

1. e4 c6 2. d4 d5 3. e5 Bf5 4. h4 h5 5. Nc3 e6 6. Bd3 Bxd3 7. Qxd3 c5 8. Nf3 c4
9. Qe2 Qb6 10. Nd1 Nc6 11. c3 Nge7 12. O-O Ng6 13. Re1 Be7 14. g3 Rd8 15. Bg5 f6
16. exf6 gxf6 17. Bc1 Nf8 18. Ne3 Ng6 19. b3 cxb3 20. axb3 Qxb3 21. Qd3 Kf7 22.
Rb1 Qa2 23. Rxb7 Rb8 24. Rc7 Rhc8 25. Rxc8 Rxc8 26. Bd2 Rg8 27. Qe2 Nd8 28. Kh2
f5 29. Qd3 Kg7 30. Nxf5+ exf5 31. Qxf5 Bd6 32. Qxh5 Rh8 33. Qg4 Qc2 34. Kg2 Rf8
35. h5 Qf5 36. Qxf5 Rxf5 37. hxg6 Rf8 38. Rh1 Rh8 39. Nh4 Rf8 40. Ra1 1-0

[Event "AUTO-ELITE-957"]
[Site "http://www.queenalice.com/game.php?id=1128639"]
[Date "2012.12.5"]
[Round "2"]
[White "Kiwizany"]
[Black "secretguy"]
[Result "1-0"]
[WhiteElo "2402"]
[BlackElo "2150"]

1. d4 Nf6 2. c4 e5 3. dxe5 Ng4 4. e3 Nxe5 5. Nf3 Nbc6 6. Nxe5 Nxe5 7. Nc3 Bb4 8.
Qb3 Bxc3+ 9. Qxc3 f6 10. f4 Nc6 11. Bd3 d5 12. Qb3 d4 13. c5 Qe7 14. O-O 1-0

[Event "AUTO-ELITE-957"]
[Site "http://www.queenalice.com/game.php?id=1128640"]
[Date "2012.12.5"]
[Round "2"]
[White "secretguy"]
[Black "Kiwizany"]
[Result "0-1"]
[WhiteElo "2155"]
[BlackElo "2398"]

1. d4 g6 2. e4 Bg7 3. Nf3 d6 4. c4 Nf6 5. Nc3 O-O 6. Be2 e5 7. O-O exd4 8. Nxd4
Nc6 9. Be3 Re8 10. f3 Nd7 11. Qd2 Nxd4 12. Bxd4 Ne5 13. f4 c5 0-1

[Event "AUTO-ELITE-952"]
[Site "http://www.queenalice.com/game.php?id=1134635"]
[Date "2012.12.26"]
[Round "2"]
[White "Mirok"]
[Black "Kiwizany"]
[Result "1-0"]
[WhiteElo "2435"]
[BlackElo "2405"]

1. e4 g6 2. d4 Bg7 3. Nc3 c6 4. Nf3 d5 5. h3 Nf6 6. e5 Ne4 7. Nxe4 dxe4 8. Ng5
c5 9. Bb5+ Nc6 10. Bxc6+ bxc6 11. dxc5 Qxd1+ 12. Kxd1 Bxe5 13. Nxe4 Ba6 14. c3
Rd8+ 15. Ke1 h6 16. f4 Bg7 17. Kf2 O-O 18. Nd2 Rd5 19. Nb3 Rb8 20. Be3 Bc4 21.
Rhb1 Rd3 22. g4 e6 23. Rd1 1-0

[Event "AUTO-ELITE-952"]
[Site "http://www.queenalice.com/game.php?id=1134636"]
[Date "2012.12.26"]
[Round "2"]
[White "Kiwizany"]
[Black "Mirok"]
[Result "0-1"]
[WhiteElo "2373"]
[BlackElo "2451"]

1. e4 c5 2. Nf3 e6 3. d3 Nc6 4. g3 Nge7 5. Bg2 g6 6. O-O Bg7 7. c4 O-O 8. Qb3 f5
9. Na3 d6 10. Bd2 fxe4 11. dxe4 e5 12. h3 a6 13. Nc2 Qc7 14. a4 Rb8 15. Qd3 Nd4
16. Ncxd4 cxd4 17. Qa3 a5 18. Rfc1 b6 19. Qa2 Kh8 20. Qb3 Be6 21. Qd3 h6 22. b3
Qd7 23. h4 Nc6 24. Ne1 Rf7 25. Qc2 Bh3 26. f3 Rbf8 0-1

[Event "AUTO-ELITE-952"]
[Site "http://www.queenalice.com/game.php?id=1134639"]
[Date "2012.12.26"]
[Round "2"]
[White "Kiwizany"]
[Black "plexus"]
[Result "0-1"]
[WhiteElo "2393"]
[BlackElo "2674"]

1. e4 e5 2. Nf3 d5 3. exd5 Bd6 4. d4 e4 5. Ne5 Nf6 6. Bb5+ Bd7 7. Nxd7 Nbxd7 8.
c4 a6 9. Ba4 b5 10. cxb5 Nxd5 11. Nc3 Nxc3 12. bxc3 O-O 13. bxa6 Rxa6 14. O-O
Nf6 15. Bb3 c5 16. dxc5 Bxc5 17. Qxd8 Rxd8 18. Bf4 Rc8 19. Rae1 h6 20. Re2 Bd6
21. Bc1 Kf8 22. f3 Rxc3 23. fxe4 Be5 24. Bd2 Rc8 25. Rf5 Re8 26. Be3 Kg8 27. g3
g6 28. Rf3 Kg7 29. a4 Rea8 30. Kg2 Rxa4 31. Bxa4 Rxa4 32. Bf4 Bxf4 33. Rxf4 g5
34. Rf5 Nxe4 35. Re5 Nf6 36. h3 Kg6 0-1

[Event "AUTO-ELITE-952"]
[Site "http://www.queenalice.com/game.php?id=1134640"]
[Date "2012.12.26"]
[Round "2"]
[White "plexus"]
[Black "Kiwizany"]
[Result "1-0"]
[WhiteElo "2671"]
[BlackElo "2397"]

1. c4 g6 2. d4 Bg7 3. Nc3 c5 4. Nf3 cxd4 5. Nxd4 d6 6. e4 Nc6 7. Be3 Nf6 8. Be2
O-O 9. O-O Bd7 10. Qd2 Ng4 11. Bxg4 Bxg4 12. h3 Be6 13. Nd5 Qd7 14. Rfe1 Rac8
15. b3 f5 16. exf5 Bxf5 17. Rad1 Rce8 18. f3 e6 19. Nc3 a6 20. g4 Nxd4 21. Bxd4
e5 22. Be3 Be6 23. Rf1 b5 24. cxb5 d5 25. Nxd5 Rd8 26. Bb6 Bxd5 27. bxa6 Qb5 28.
Bxd8 Rxd8 29. a7 Qb6+ 30. Qf2 Qc6 31. Rc1 Qb7 32. Rc5 Bf8 33. Rd1 Bxc5 34. Qxc5
Kf7 35. Qa5 Qa8 36. b4 Rd7 37. a4 1-0

[Event "AUTO-ELITE-1034"]
[Site "http://www.queenalice.com/game.php?id=1157025"]
[Date "2013.3.2"]
[Round "2"]
[White "Kiwizany"]
[Black "sovay"]
[Result "0-1"]
[WhiteElo "2389"]
[BlackElo "2522"]

1. e4 d5 2. exd5 Qxd5 3. Nc3 Qa5 4. Nf3 Nf6 5. Be2 c6 6. O-O Bg4 7. d4 e6 8. Be3
Qc7 9. h3 Bh5 10. Ne5 Bxe2 11. Qxe2 Bd6 12. Bg5 Nbd7 13. Nxd7 Nxd7 14. Ne4 Bh2+
15. Kh1 Bf4 16. Bxf4 Qxf4 17. g3 Qc7 18. Kh2 O-O-O 0-1

[Event "AUTO-ELITE-1034"]
[Site "http://www.queenalice.com/game.php?id=1157026"]
[Date "2013.3.2"]
[Round "2"]
[White "sovay"]
[Black "Kiwizany"]
[Result "1-0"]
[WhiteElo "2527"]
[BlackElo "2381"]

1. e4 c6 2. d4 d5 3. exd5 cxd5 4. c4 Nf6 5. Nc3 Nc6 6. Nf3 Be6 7. c5 g6 8. Bb5
Bg7 9. Ne5 Qc7 10. Qa4 O-O 11. Bxc6 bxc6 12. Qxc6 Qa5 13. O-O Rab8 14. Rd1 Rfc8
15. Qa4 Qxa4 16. Nxa4 Rb4 17. b3 Nd7 18. f4 Nb8 19. h3 f6 20. Nf3 Nc6 21. Nc3
1-0